Compulsory purchase and compensation (Record no. 110193)
[ view plain ]
| 000 -LEADER | |
|---|---|
| fixed length control field | 01067cam a22002775a 4500 |
| 001 - CONTROL NUMBER | |
| control field | L148733 |
| 008 - FIXED-LENGTH DATA ELEMENTS--GENERAL INFORMATION | |
| fixed length control field | 091029s2009 xxk f 000 0 eng d |
| 020 ## - INTERNATIONAL STANDARD BOOK NUMBER | |
| International Standard Book Number | 9780728205741 |
| 035 ## - SYSTEM CONTROL NUMBER | |
| System control number | (Sirsi) u148733 |
| 041 0# - LANGUAGE CODE | |
| Language code of text/sound track or separate title | eng |
| 050 04 - LIBRARY OF CONGRESS CALL NUMBER | |
| Classification number | 711.14 $2 18 |
| 100 1# - MAIN ENTRY--PERSONAL NAME | |
| Personal name | Denyer-Green, Barry |
| 245 00 - TITLE STATEMENT | |
| Title | Compulsory purchase and compensation |
| 250 ## - EDITION STATEMENT | |
| Edition statement | 9th ed. |
| 260 ## - PUBLICATION, DISTRIBUTION, ETC. | |
| Place of publication, distribution, etc. | London |
| Name of publisher, distributor, etc. | EG Books |
| Date of publication, distribution, etc. | 2009 |
| 300 ## - PHYSICAL DESCRIPTION | |
| Extent | lxiv, 554p. |
| Dimensions | 22cm. |
| 350 ## - PRICE (NR) (BK AM CF MU VM SE) [OBSOLETE] | |
| Price | 39.99 |
| 520 ## - SUMMARY, ETC. | |
| Summary, etc. | Considers compulsory purchase powers, how those powers can be exercised, compensation for compulsory purchase, and compensation and mitigation for worsenment. This edition has been extensively revised to take account of the relevant provisions of the Planning Act 2008 and other recent legal developments. |
| 520 ## - SUMMARY, ETC. | |
| Summary, etc. | Superseded by 10th ed. (ISBN 9780415629928). |
| 521 ## - TARGET AUDIENCE NOTE | |
| Target audience note | Advanced |
| 590 ## - LOCAL NOTE (RLIN) | |
| Local note | KA |
| 651 #4 - SUBJECT ADDED ENTRY--GEOGRAPHIC NAME | |
| Geographic name | England and Wales |
| Chronological subdivision | 1543- |
| 690 ## - LOCAL SUBJECT ADDED ENTRY--TOPICAL TERM (OCLC, RLIN) | |
| Topical term or geographic name as entry element | ENVIRONMENTAL AND LAND CONSULTANCY-PLANNING AND DEVELOPMENT-COMPULSORY PURCHASE AND COMPENSATION |
| 942 ## - ADDED ENTRY ELEMENTS (KOHA) | |
| Suppress in OPAC | 0 |
| Withdrawn status | Lost status | Damaged status | Not for loan | Home library | Current library | Shelving location | Date acquired | Cost, normal purchase price | Total Checkouts | Full call number | Barcode | Date last seen | Date last checked out | Copy number | Cost, replacement price | Price effective from | Koha item type | Source of classification or shelving scheme |
|---|---|---|---|---|---|---|---|---|---|---|---|---|---|---|---|---|---|---|
| Missing | London | London | Missing | 16/12/2009 | 39.99 | 1 | BASEMENT | 30076575 | 06/08/2019 | 21/01/2010 | 1 | 39.99 | 06/08/2019 | Book | ||||
| London | London | Basement | 21/01/2010 | 2 | BASEMENT | 30076570 | 06/08/2019 | 03/03/2010 | 2 | 06/08/2019 | Book | Dewey Decimal Classification |